Vista normal
Vista MARC
Entrada Personal Name
Número de registros utilizados en: 1
001 - CONTROL NUMBER
- control field: 4132
003 - CONTROL NUMBER IDENTIFIER
- control field: OSt
005 - DATE AND TIME OF LATEST TRANSACTION
- control field: 20240805133039.0
008 - FIXED-LENGTH DATA ELEMENTS
- fixed length control field: 240805|| aca||aabn | a|a d
040 ## - CATALOGING SOURCE
- Original cataloging agency: OSt
- Transcribing agency: OSt
100 ## - HEADING--PERSONAL NAME
- Personal name: Bordons, Paloma
670 ## - SOURCE DATA FOUND
- Source citation: Work cat.: (OSt)3086: Bordons, Paloma., La tierra de las papas /, 2007.